000 00382cam a2200169ua 4500
020 _c13.50
041 _aeng
_h
082 _a330.954
_bKEW/IN
100 _aKewal krishnan dewett, Guru .
245 _aIndian economics
260 _aNewDelhi :
_bpremier pub.Co ,
_c1966.
300 _a711 ; .
365 _a13.50
504 _a
942 _cBK
999 _c11213
_d11213